NFL Top 10 Players at each Position (As of 1-21-21) - Statistics

General Stats
  • This quiz has been taken 89 times
  • The average score is 47 of 90
Answer Stats
Position Team Answer % Correct
QB1 Packers Aaron Rodgers
100%
RB5 Saints Alvin Kamara
100%
QB7 Cowboys Dak Prescott
100%
RB1 Titans Derrick Henry
100%
QB5 Texans Deshaun Watson
100%
QB3 Bills Josh Allen
100%
QB8 Cardinals Kyler Murray
100%
QB6 Ravens Lamar Jackson
100%
QB2 Chiefs Patrick Mahomes
100%
QB4 Seahawks Russell Wilson
100%
QB9 Buccaneers Tom Brady
100%
RB7 Packers Aaron Jones
99%
DE4 Cardinals Chandler Jones
99%
QB10 Saints Drew Brees
99%
WR7 Falcons Julio Jones
99%
WR5 Chargers Keenan Allen
99%
RB3 Browns Nick Chubb
99%
RB6 Giants Saquon Barkley
99%
RB4 Vikings Dalvin Cook
96%
TE1 49ers George Kittle
96%
TE2 Chiefs Travis Kelce
96%
RB2 Panthers Christian McCaffrey
95%
RB8 Raiders Josh Jacobs
95%
TE4 Lions T.J Hockenson
88%
TE3 Raiders Darren Waller
87%
RB9 Seahawks Chris Carson
83%
WR1 Packers Davante Adams
76%
WR8 Seahawks D.K Metcalf
76%
WR10 Buccaneers Mike Evans
76%
TE7 Buccaneers Rob Gronkowski
76%
WR3 Bills Stefon Diggs
76%
WR4 Chiefs Tyreek Hill
76%
WR2 Cardinals DeAndre Hopkins
75%
CB1 Rams Jalen Ramsey
74%
WR6 Saints Michael Thomas
71%
CB2 Patriots Stephon Gilmore
64%
CB3 Bills Tre'Davious White
63%
CB5 Dolphins Xavien Howard
62%
DT4 Chiefs Chris Jones
51%
DT1 Rams Aaron Donald
49%
CB8 Ravens Marcus Peters
49%
RB10 Bears David Montgomery
47%
CB7 49ers Richard Sherman
43%
CB4 Packers Jaire Alexander
42%
DE1 Steelers T.J Watt
42%
DE3 Chargers Joey Bosa
41%
DE7 49ers Nick Bosa
41%
DE6 Texans J.J Watt
39%
LB1 Bears Khalil Mack
39%
LB2 Seahawks Bobby Wagner
38%
DE5 Browns Myles Garrett
36%
S4 Cardinals Budda Baker
34%
S2 Vikings Harrison Smith
33%
CB10 Ravens Marlon Humphrey
33%
S1 Steelers Minkah Fitzpatrick
33%
DE2 Saints Cameron Jordan
32%
TE10 Dolphins Mike Gesicki
32%
LB4 Colts Darius Leonard
30%
TE6 Giants Evan Engram
30%
LB9 49ers Fred Warner
29%
S3 Chiefs Tyrann Mathieu
28%
S7 Broncos Justin Simmons
26%
CB9 Saints Marshon Lattimore
25%
DT2 Eagles Fletcher Cox
24%
DT3 Colts DeForest Buckner
22%
LB3 Saints Demario Davis
21%
TE5 Packers Robert Tonyan
21%
TE9 Browns Austin Hooper
20%
S5 Chargers Derwin James Jr.
20%
LB6 Vikings Eric Kendricks
20%
S6 Patriots Devin McCourty
18%
WR9 Bears Allen Robinson II
17%
S8 Packers Adrian Amos
16%
DE9 Vikings Danielle Hunter
16%
TE8 Saints Jared Cook
16%
LB5 Bears Roquan Smith
16%
DE10 Ravens Calais Campbell
14%
DT6 Buccaneers Ndamukong Suh
14%
DE8 Steelers Cameron Heyward
13%
DT7 Packers Kenny Clark
12%
DT9 Bengals Geno Atkins
9%
LB7 Falcons Deion Jones
8%
S10 Football Team Landon Collins
8%
CB6 Giants James Bradberry IV
7%
LB10 Giants Blake Martinez
5%
DT8 Giants Leonard Williams
5%
S9 Saints Malcolm Jenkins
5%
DT5 Bears Akeem Hicks
1%
DT10 Football Team Matthew Ioannidis
0%
LB8 Bills Terrell Edmunds
0%
No matching quizzes found
Score Distribution
Percent of People with Each Score
Percentile by Number Answered
Your Score History
You have not taken this quiz